Modern Criticism and theory : (Record no. 102148)

MARC details
000 -LEADER
fixed length control field 01054nam a22002777a 4500
005 - DATE AND TIME OF LATEST TRANSACTION
control field 20170801141749.0
010 ## - LCCN (DPL NO)
LC control number 1617EN ENG-117111
020 ## - INTERNATIONAL STANDARD BOOK NUMBER
International Standard Book Number 9781138237278
Terms of availability 895.00
035 ## - SYSTEM CONTROL NUMBER
System control number B-649436-448
035 ## - SYSTEM CONTROL NUMBER
System control number EN-100643
035 ## - SYSTEM CONTROL NUMBER
System control number B-667279
037 ## - SOURCE OF ACQUISITION
Stock number DPL
Source of stock number/acquisition AAKAR
037 ## - SOURCE OF ACQUISITION
Source of stock number/acquisition DBAD/PUB
082 ## - DEWEY DECIMAL CLASSIFICATION NUMBER
Classification number 801.95
245 ## - TITLE STATEMENT
Title Modern Criticism and theory :
Statement of responsibility, etc edited by David Lodge [and] Nigel Wood
Remainder of title a reader /
250 ## - EDITION STATEMENT
Edition statement 3th ed
260 ## - PUBLICATION, DISTRIBUTION, ETC. (IMPRINT)
Place of publication, distribution, etc New York
Name of publisher, distributor, etc Routledge
Date of publication, distribution, etc 2017
270 ## - ADDRESS
Address 711 third avenue
City New York
Postal code NY 10017
300 ## - PHYSICAL DESCRIPTION
Extent xviii,846p.
Dimensions 25cm(pbk)
500 ## - GENERAL NOTE
General note inculds index
700 ## - ADDED ENTRY--PERSONAL NAME
Personal name Wood, Nigel
700 ## - ADDED ENTRY--PERSONAL NAME
Personal name Lodge, David
942 ## - ADDED ENTRY ELEMENTS (KOHA)
Source of classification or shelving scheme Dewey Decimal Classification
Item type English Books
Classification part 801.95
Call number suffix MOD
Holdings
Withdrawn status Lost status Not for loan Collection code Home library Current library Date acquired Source of acquisition Cost, normal purchase price Full call number Barcode Copy number Cost, replacement price Koha item type
      Non-fiction Ashok Vihar Ashok Vihar 01/08/2017 BPPD/EN/2016-17/AV/16-17/451/15.2.2017/I-3323/1.3.2017/ 17.3.2017 895.00 801.95 MOD B-667279 1 895.00 English Books
      Non-fiction Bawana Bawana 03/03/2017 BPPD/EN/2016-17/285/24.11.2016/I-2590/8.12.2016/2.1.2017 895.00 801.95 MOD B-649446 1 895.00 English Books
      Non-fiction Central Library Central Library 03/03/2017 BPPD/EN/2016-17/285/24.11.2016/I-2590/8.12.2016/2.1.2017 895.00 801.95 MOD B-649436 1 895.00 English Books
    Not For Loan Non-fiction D.B.Act.Division D.B.Act.Division 18/01/2017 DBAD/PUB 895.00 801.95 MOD EN-100643 1 895.00 English Books
      Non-fiction Janak Puri Janak Puri 03/03/2017 BPPD/EN/2016-17/285/24.11.2016/I-2590/8.12.2016/2.1.2017 895.00 801.95 MOD B-649442 1 895.00 English Books
      Non-fiction Karol Bagh Karol Bagh 03/03/2017 BPPD/EN/2016-17/285/24.11.2016/I-2590/8.12.2016/2.1.2017 895.00 801.95 MOD B-649444 1 895.00 English Books
      Non-fiction Kasturba Gandhi Marg Kasturba Gandhi Marg 03/03/2017 BPPD/EN/2016-17/285/24.11.2016/I-2590/8.12.2016/2.1.2017 895.00 801.95 MOD B-649439 1 895.00 English Books
      Non-fiction New Police Line New Police Line 03/03/2017 BPPD/EN/2016-17/285/24.11.2016/I-2590/8.12.2016/2.1.2017 895.00 801.95 MOD B-649437 1 895.00 English Books
      Non-fiction New Rohtak Road New Rohtak Road 03/03/2017 BPPD/EN/2016-17/285/24.11.2016/I-2590/8.12.2016/2.1.2017 895.00 801.95 MOD B-649445 1 895.00 English Books
      Non-fiction Patel Nagar Patel Nagar 03/03/2017 BPPD/EN/2016-17/285/24.11.2016/I-2590/8.12.2016/2.1.2017 895.00 801.95 MOD B-649438 1 895.00 English Books
      Non-fiction Peshwa Road Peshwa Road 03/03/2017 BPPD/EN/2016-17/285/24.11.2016/I-2590/8.12.2016/2.1.2017 895.00 801.95 MOD B-649440 1 895.00 English Books
      Non-fiction Sarojini Nagar Sarojini Nagar 03/03/2017 BPPD/EN/2016-17/285/24.11.2016/I-2590/8.12.2016/2.1.2017 895.00 801.95 MOD B-649443 1 895.00 English Books
      Non-fiction Shahdara Branch Shahdara Branch 03/03/2017 BPPD/EN/2016-17/285/24.11.2016/I-2590/8.12.2016/2.1.2017 895.00 801.95 MOD B-649447 1 895.00 English Books
      Non-fiction Tri Nagar Tri Nagar 03/03/2017 BPPD/EN/2016-17/285/24.11.2016/I-2590/8.12.2016/2.1.2017 895.00 801.95 MOD B-649441 1 895.00 English Books
      Non-fiction Yojana Vihar Yojana Vihar 03/03/2017 BPPD/EN/2016-17/285/24.11.2016/I-2590/8.12.2016/2.1.2017 895.00 801.95 MOD B-649448 1 895.00 English Books

© Delhi Public Library
Hit Counter
free hit counter